000 00499nam a2200181Ia 4500
008 240925s9999 xx 000 0 und d
020 _a9789352602117
082 _a658.4052 LEW
100 _aLewicki, Roy J.
245 0 _aNegotiation: readings, exercises and cases
250 _a6th
260 _aNew Delhi:
_bMcGraw Hill Education (India) Private Limited
_c,2010.
300 _a502p.
_b0
_fOriginal
500 _aIncludes Index
600 _aManagement
650 _aManagement
942 _cBK
999 _c16491
_d16491